000
00270nam a2200097Ia 4500
005
20251222114417.0
008
251222s1900||||xx |||||||||||||| ||spa||
082
_a
DVD0097/W13/1994
245
0
_a
Woodstock: 3 días de Paz y Música (Woodstock: 3 days of peace )
942
_c
DVD
999
_c
2260
_d
2260